00413nam a2200157Ia 4500008004100000041000800041082001700049100003800066245005000104250000800154260003000162300000800192542001500200551002100215650001900236220531s9999 xx 000 0 und d aeng a-bSIN / KUM aSingh, R. A. / Kumar, N. Vlvn Ed. aCritical Studies On Indian Fiction In English a1ST aNew DelhibAtlanticc2014 a160 d22-04-2015 aEnglishbUgc-ENG aCritical Study